000 00276nam a2200109Ia 4500
008 190216s9999||||xx |||||||||||||| ||und||
100 _aPanneerselvam R
245 0 _aData Base Management Systems
260 _bPrentice Hall Of India Pvt Ltd
_c2002
300 _a277p
942 _cBK
999 _c6517
_d6517